[Event "Indonesia Open 2013"]
[Site "Jakarta INA"]
[Date "2013.10.16"]
[Round "9.10"]
[White "Hoang, Thanh Trang"]
[Black "Ghaem Maghami, Ehsan"]
[Result "1/2-1/2"]
[WhiteTitle "GM"]
[BlackTitle "GM"]
[WhiteElo "2495"]
[BlackElo "2556"]
[WhiteFideId "12400149"]
[BlackFideId "12500739"]
[EventDate "2013.10.10"]

1. d4 Nf6 2. Nf3 g6 3. Nc3 d5 4. Bf4 c6 5. e3 Bg7 6. Be2 Bg4 7. h3 Bxf3 8. Bxf3
Nbd7 9. O-O O-O 10. Qd2 Re8 11. Rad1 Qb6 12. Na4 Qa6 13. b3 e5 14. dxe5 Nxe5 15.
Be2 b5 16. Nc3 Qb7 17. a4 b4 18. Na2 a5 19. c4 bxc3 20. Qxc3 Ne4 21. Qc2 Nd7 22.
Rb1 Bf8 23. Rfc1 Rac8 24. Nc3 Nec5 25. Bf1 Ne6 26. Bg3 Ndc5 27. Be5 Nd7 28. Bg3
Qb6 29. Rd1 Ndc5 30. Be5 Nd7 31. Bg3 Nec5 32. Be2 Bg7 33. Na2 Ne4 34. Bf4 Ndf6
35. Bd3 Bf8 36. Nc3 Nc5 37. Be2 Ne6 38. Be5 Nd7 39. Bg3 Nec5 40. Bf3 Ne5 41. Be2
Ned7 42. Bf3 Ne5 43. Be2 1/2-1/2

[Event "Indonesia Open 2013"]
[Site "Jakarta INA"]
[Date "2013.10.16"]
[Round "9.11"]
[White "Shyam, Sundar M."]
[Black "Hossain, Enamul"]
[Result "1-0"]
[WhiteTitle "GM"]
[BlackTitle "GM"]
[WhiteElo "2536"]
[BlackElo "2445"]
[WhiteFideId "5019141"]
[BlackFideId "10200649"]
[EventDate "2013.10.10"]

1. d4 d5 2. c4 c6 3. Nc3 Nf6 4. cxd5 cxd5 5. Bf4 Nc6 6. e3 a6 7. Bd3 Bg4 8. Nge2
e6 9. Rc1 Bd6 10. Bg5 Bh5 11. f4 h6 12. Bxf6 gxf6 13. O-O f5 14. Na4 Ne7 15. Qb3
Bxe2 16. Bxe2 Rb8 17. Rc3 Ng8 18. Nc5 Bxc5 19. Rxc5 Nf6 20. Rfc1 O-O 21. Bd3 Ne8
22. a4 Nd6 23. Qb4 Re8 24. a5 Re7 25. Qd2 b6 26. axb6 Rxb6 27. Qe2 Ra7 28. g4
fxg4 29. Qxg4+ Kh8 30. Qh5 Qf8 31. Rc8 Ne8 32. Rxe8 Qxe8 33. Qxh6+ Kg8 34. Bh7+
Kh8 35. Bd3+ Kg8 36. Rc8 1-0

[Event "Indonesia Open 2013"]
[Site "Jakarta INA"]
[Date "2013.10.16"]
[Round "9.12"]
[White "Lioe, Dede"]
[Black "Batchuluun, Tsegmed"]
[Result "0-1"]
[WhiteTitle "IM"]
[BlackTitle "GM"]
[WhiteElo "2375"]
[BlackElo "2529"]
[WhiteFideId "7100566"]
[BlackFideId "4900847"]
[EventDate "2013.10.10"]

1. e4 e5 2. Nf3 Nc6 3. Bb5 Nf6 4. d3 Bc5 5. O-O d6 6. h3 O-O 7. c3 Bb6 8. Nbd2
a6 9. Ba4 Ne7 10. Bc2 Ng6 11. Nc4 Ba7 12. Be3 Bxe3 13. fxe3 Be6 14. Bb3 h6 15.
Rf2 Qe7 16. Qc2 Rad8 17. Raf1 c6 18. Re1 Qc7 19. Ncd2 d5 20. d4 Rfe8 21. exd5
Nxd5 22. dxe5 Nxe5 23. Nd4 Bc8 24. e4 Nf6 25. N2f3 c5 26. Nxe5 Rxe5 27. Nf3 Re7
28. e5 Nd5 29. Qe4 Nf6 30. Qh4 Nh7 31. Bc2 Be6 32. g4 Bd5 33. g5 Bxf3 34. Bxh7+
Kxh7 35. Rxf3 Re6 36. Qe4+ Kg8 37. gxh6 Rxh6 38. Ref1 Rg6+ 39. Kh1 Rd7 40. Rf5
Qb6 41. R1f2 Qe6 42. b3 Rg3 43. R2f3 Qg6 44. Rxg3 Qxg3 45. Qf3 Qe1+ 46. Qf1 Qe4+
47. Kg1 Qc2 48. Rf2 Qxc3 49. e6 Qg3+ 50. Kh1 fxe6 51. Rf3 Qg6 52. Rf8+ Kh7 53.
Qe1 Rd4 54. Kh2 Qe4 55. Qxe4+ Rxe4 56. Rb8 Re2+ 57. Kg3 b5 58. Rc8 Rxa2 59. Rxc5
Ra3 60. Rc6 Rxb3+ 61. Kg4 a5 62. Rxe6 a4 63. Ra6 a3 64. h4 Rb4+ 0-1

[Event "Indonesia Open 2013"]
[Site "Jakarta INA"]
[Date "2013.10.16"]
[Round "9.13"]
[White "Megaranto, Susanto"]
[Black "Mohamad, Ervan"]
[Result "1-0"]
[WhiteTitle "GM"]
[WhiteElo "2528"]
[BlackElo "2260"]
[WhiteFideId "7101384"]
[BlackFideId "7102135"]
[EventDate "2013.10.10"]

1. Nf3 Nf6 2. Nc3 c5 3. e4 d6 4. Bc4 Nc6 5. d4 cxd4 6. Nxd4 e6 7. Bb3 Be7 8. Be3
O-O 9. Qe2 Bd7 10. f3 Qa5 11. O-O e5 12. Nxc6 bxc6 13. Kh1 d5 14. exd5 cxd5 15.
Bd2 Qc5 16. Qxe5 Bd6 17. Qg5 h6 18. Qh4 d4 19. Ne2 Bb5 20. Rfe1 Be5 21. Nf4 Rfe8
22. Nh5 Nd5 23. Bxh6 Ne3 24. Qg5 Qe7 25. Qxe7 Rxe7 26. Bxe3 dxe3 27. Rxe3 Rd8
28. Rae1 Bd6 29. Rxe7 Bxe7 30. Ng3 Bf6 31. c3 Rd2 32. Ne4 Rxb2 33. Nxf6+ gxf6
34. h4 a5 35. Re4 f5 36. Re5 Bf1 37. Rxf5 Bxg2+ 38. Kg1 Bh3 39. Rxa5 Rg2+ 40.
Kh1 Rf2 41. Rg5+ Kf8 42. Bd5 Rd2 43. h5 f6 44. Rg8+ Ke7 45. h6 Bf5 46. Be4 Bxe4
47. fxe4 Rd1+ 48. Kh2 Rd2+ 49. Kg3 1-0

[Event "Indonesia Open 2013"]
[Site "Jakarta INA"]
[Date "2013.10.16"]
[Round "9.14"]
[White "Yap, Kim Steven"]
[Black "Gopal, G.N."]
[Result "0-1"]
[WhiteTitle "IM"]
[BlackTitle "GM"]
[WhiteElo "2417"]
[BlackElo "2527"]
[WhiteFideId "5202809"]
[BlackFideId "5015693"]
[EventDate "2013.10.10"]

1. e4 c5 2. b3 Nf6 3. e5 Nd5 4. c4 Nb4 5. a3 N4c6 6. Nf3 g6 7. b4 Bg7 8. bxc5
Nxe5 9. Nxe5 Bxe5 10. d4 Bg7 11. Be3 d6 12. cxd6 Qxd6 13. Ra2 b6 14. Qf3 Nc6 15.
c5 bxc5 16. dxc5 Qf6 17. Qxf6 Bxf6 18. Bb5 Bd7 19. O-O Ne5 20. Nc3 Bxb5 21. Nxb5
O-O 22. c6 Nxc6 23. Rc2 Rfc8 24. Rfc1 a6 25. Nd4 Na7 26. Rxc8+ Nxc8 27. Nc6 Nd6
28. a4 Kg7 29. Nb4 Nf5 30. Bb6 Bd4 31. a5 Bxb6 32. axb6 Rb8 33. Nxa6 Rxb6 34.
Nc7 g5 35. h3 e6 36. Ra1 Rc6 37. Na6 h5 38. Nb4 Rd6 39. Nc2 h4 40. Kf1 Ne7 41.
Ne3 Ng6 42. Ra5 f6 43. Ra7+ Kf8 44. g3 hxg3 45. fxg3 Ne7 46. Ng4 Kf7 47. Ke2 e5
48. Ne3 Ke6 49. g4 Rc6 50. Kd3 Rd6+ 51. Ke2 Nc6 52. Rh7 Nd4+ 53. Kf2 Ra6 54. h4
Ra2+ 55. Kg3 Ra3 56. Kf2 Ra2+ 57. Kg3 gxh4+ 58. Rxh4 Ra3 59. Kf2 Ra2+ 60. Kg3
Ne2+ 61. Kf3 Nd4+ 62. Ke4 Ra4 63. Kd3 Nf3 64. Rh5 Ra3+ 65. Ke2 Ng5 66. Rh8 Ra2+
67. Kd3 e4+ 68. Kd4 Ra3 69. Nf5 Rd3+ 70. Kc4 Ke5 71. Re8+ Kf4 72. Rf8 Ke5 73.
Re8+ Kf4 74. Rf8 Nh7 75. Rf7 Rh3 76. Kd4 Kxg4 77. Ne3+ Kf3 78. Nd5 Rh6 0-1

[Event "Indonesia Open 2013"]
[Site "Jakarta INA"]
[Date "2013.10.16"]
[Round "9.15"]
[White "Vaibhav, Suri"]
[Black "Masruri, Rahman"]
[Result "1-0"]
[WhiteTitle "GM"]
[WhiteElo "2527"]
[BlackElo "2222"]
[WhiteFideId "5045185"]
[BlackFideId "7101163"]
[EventDate "2013.10.10"]

1. e4 e6 2. d4 d5 3. Nd2 c5 4. exd5 Qxd5 5. Ngf3 cxd4 6. Bc4 Qd6 7. O-O Nf6 8.
Nb3 Nc6 9. Nbxd4 Nxd4 10. Nxd4 Bd7 11. c3 Qc7 12. Qe2 Bd6 13. Nb5 Bxb5 14. Bxb5+
Ke7 15. g3 Rhd8 16. Re1 Kf8 17. Qf3 Kg8 18. Bf1 Rab8 19. a4 b6 20. Bb5 Rbc8 21.
Ba6 Rb8 22. Bg5 Be7 23. Rad1 Rxd1 24. Rxd1 Nd5 25. Bc1 Rd8 26. Re1 Nf6 27. Kg2
Qd7 28. Bb5 Qd5 29. Qxd5 Nxd5 30. Kf3 Kf8 31. Ke2 Bc5 32. Bc4 Nf6 33. f3 Ke7 34.
Bd2 a5 35. Rb1 Nd5 36. b4 axb4 37. cxb4 Bd4 38. Rc1 Ra8 39. a5 bxa5 40. bxa5 Kd6
41. Kd3 Bc5 42. Rb1 Nc7 43. Bc3 Kc6 44. Bb3 Nd5 45. Ba4+ Kd6 46. Bd2 Kc7 47. Kc4
Be3 48. Be1 h6 49. Bc2 Ba7 50. Be4 Rd8 51. Rb5 Ne3+ 52. Kb3 Nd5 53. g4 g6 54.
Bd2 Kc6 55. Ka4 h5 56. g5 Bg1 57. Bf4 Ba7 58. Rb2 Rd7 59. Rc2+ Kb7 60. Kb5 Bd4
61. Rc4 Bg1 62. a6+ Ka7 63. Rc8 1-0

[Event "Indonesia Open 2013"]
[Site "Jakarta INA"]
[Date "2013.10.16"]
[Round "9.16"]
[White "Nguyen, Van Huy"]
[Black "Malakhatko, Vadim"]
[Result "0-1"]
[WhiteTitle "IM"]
[BlackTitle "GM"]
[WhiteElo "2422"]
[BlackElo "2519"]
[WhiteFideId "12401064"]
[BlackFideId "14104202"]
[EventDate "2013.10.10"]

1. Nf3 d5 2. d4 c6 3. c4 Nf6 4. Qb3 e6 5. g3 Nbd7 6. Bg2 Bd6 7. O-O O-O 8. Nc3
h6 9. Rd1 Bc7 10. Nd2 Re8 11. e4 e5 12. dxe5 Nxe5 13. cxd5 Bg4 14. Rf1 cxd5 15.
exd5 Bb6 16. Nc4 Nxc4 17. Qxc4 Rc8 18. Qd3 Nd7 19. d6 Ne5 20. Qd5 Rc6 21. Bf4
Rxd6 22. Qxb7 Rd7 23. Qa6 Nd3 24. Be3 Bxe3 25. fxe3 Rxe3 26. Qb5 Re5 27. Qc6
Nxb2 28. Qa8 Qxa8 29. Bxa8 Rc7 30. Ne4 Rc8 31. Nf2 Be6 32. Be4 Ra5 33. Rfb1 Nc4
34. Rc1 Rd8 35. Bc2 Nd2 36. Rd1 Rd7 37. Bd3 Nf3+ 38. Kg2 Ne5 39. Be4 Rxd1 40.
Rxd1 g5 41. h4 Rxa2 42. Kg1 gxh4 43. gxh4 a5 44. Bd5 Bxd5 45. Rxd5 Nf3+ 46. Kg2
Nxh4+ 47. Kg3 Ng6 48. Ng4 Kg7 49. Ne3 a4 50. Nf5+ Kf6 51. Nxh6 Ke6 52. Ra5 Ne5
53. Kf4 f6 54. Nf5 Rf2+ 55. Ke4 Re2+ 56. Kf4 Nd3+ 57. Kf3 Ra2 58. Ke3 Ne5 59.
Ke4 Nc6 60. Ra6 Kd7 61. Ne3 Ra1 62. Nc2 Rc1 63. Ne3 Ra1 64. Nc2 Rh1 65. Ne3 Rh4+
66. Kf5 Ne7+ 0-1

[Event "Indonesia Open 2013"]
[Site "Jakarta INA"]
[Date "2013.10.16"]
[Round "9.17"]
[White "Dimakiling, Oliver"]
[Black "Laylo, Darwin"]
[Result "0-1"]
[WhiteTitle "IM"]
[BlackTitle "GM"]
[WhiteElo "2353"]
[BlackElo "2497"]
[WhiteFideId "5202248"]
[BlackFideId "5201330"]
[EventDate "2013.10.10"]

1. c4 Nf6 2. Nf3 g6 3. d4 Bg7 4. e3 O-O 5. Be2 d5 6. cxd5 Nxd5 7. e4 Nb6 8. Be3
Nc6 9. O-O Bg4 10. Nbd2 e5 11. d5 Nd4 12. h3 Bd7 13. Nb3 Qe7 14. Nfxd4 exd4 15.
Bxd4 Qxe4 16. Bf3 Qf4 17. g3 Qg5 18. h4 Qf5 19. Bxg7 Kxg7 20. Nc5 Rab8 21. Re1
Rfe8 22. Qb3 Rxe1+ 23. Rxe1 Qf6 24. Kg2 h6 25. Re3 c6 26. Qxb6 Bh3+ 27. Kxh3
axb6 28. Nd3 cxd5 29. Kg2 d4 30. Re5 Rc8 31. Rd5 Rd8 32. Re5 Rd7 33. h5 g5 34.
g4 Qd6 35. Rf5 Qc7 36. Rb5 Qc4 37. Rb3 Re7 38. Bd1 Re6 39. Bf3 Re7 40. Bd1 b5
41. Bf3 b6 42. Ra3 Qc2 43. Rb3 Qd2 44. Kg3 Qc2 45. Ra3 Re6 46. Rb3 Qb1 47. Bd5
Qg1+ 48. Kh3 Rf6 49. f3 Rf4 50. Ra3 b4 51. Rb3 f5 0-1

[Event "Indonesia Open 2013"]
[Site "Jakarta INA"]
[Date "2013.10.16"]
[Round "9.18"]
[White "Sukandar, Irine Kharisma"]
[Black "Iturrizaga, Eduardo"]
[Result "0-1"]
[WhiteTitle "WGM"]
[BlackTitle "GM"]
[WhiteElo "2363"]
[BlackElo "2658"]
[WhiteFideId "7101937"]
[BlackFideId "3901211"]
[EventDate "2013.10.10"]

1. e4 c5 2. Nf3 Nc6 3. d4 cxd4 4. Nxd4 g6 5. c4 Nf6 6. Nc3 Nxd4 7. Qxd4 d6 8.
Be3 Bg7 9. f3 O-O 10. Qd2 a5 11. b3 Be6 12. Rb1 Nd7 13. Bd3 Nc5 14. Bc2 Qb6 15.
a3 Qa6 16. Nb5 Rfc8 17. a4 Bd7 18. O-O Qb6 19. Rfd1 Qd8 20. Qf2 Qf8 21. Bd4 Bxb5
22. axb5 a4 23. b4 Ne6 24. Bxg7 Qxg7 25. Bd3 a3 26. Qa2 Qc3 27. Rb3 Qd4+ 28. Kf1
Ra4 29. Be2 Qe5 30. Rxa3 Rxa3 31. Qxa3 Qxh2 32. Kf2 Nf4 33. Bf1 h5 34. Qa7 h4
35. Qxb7 Re8 36. Qc6 Rb8 37. b6 h3 38. b7 hxg2 39. Qc8+ Kg7 40. Bxg2 Qxg2+ 41.
Ke3 e5 0-1

[Event "Indonesia Open 2013"]
[Site "Jakarta INA"]
[Date "2013.10.16"]
[Round "9.19"]
[White "Sokolov, Ivan"]
[Black "Farid, Firman Syah"]
[Result "1-0"]
[WhiteTitle "GM"]
[BlackTitle "IM"]
[WhiteElo "2636"]
[BlackElo "2392"]
[WhiteFideId "14400030"]
[BlackFideId "7102526"]
[EventDate "2013.10.10"]

1. d4 Nf6 2. c4 e6 3. Nc3 Bb4 4. e3 O-O 5. Bd3 c5 6. Nf3 cxd4 7. exd4 d5 8. O-O
dxc4 9. Bxc4 Nc6 10. a3 Be7 11. Re1 b6 12. Ba2 Bb7 13. Bf4 Rc8 14. Qd3 g6 15.
Rad1 Nd5 16. Nxd5 exd5 17. b4 Bf6 18. h4 Re8 19. h5 Rxe1+ 20. Rxe1 Ne7 21. Ne5
Nf5 22. b5 Bg5 23. Bh2 Ng7 24. Qf3 Bf6 25. Nc6 Bxc6 26. bxc6 Rxc6 27. Bxd5 Rc8
28. hxg6 hxg6 29. g4 Rc2 30. Bxf7+ Kxf7 31. Qb3+ Ne6 32. Rxe6 1-0

[Event "Indonesia Open 2013"]
[Site "Jakarta INA"]
[Date "2013.10.16"]
[Round "9.20"]
[White "Grigoryan, Avetik"]
[Black "Purnama, Tirta Chandra"]
[Result "1-0"]
[WhiteTitle "GM"]
[BlackTitle "IM"]
[WhiteElo "2577"]
[BlackElo "2382"]
[WhiteFideId "13302191"]
[BlackFideId "7101422"]
[EventDate "2013.10.10"]

1. d4 Nf6 2. c4 g6 3. Nc3 Bg7 4. e4 d6 5. h3 O-O 6. Bg5 c5 7. d5 e6 8. Bd3 exd5
9. exd5 Re8+ 10. Nge2 Nbd7 11. f4 a6 12. a4 Nf8 13. O-O h6 14. Bh4 N8h7 15. Qc2
Bd7 16. a5 Rb8 17. b3 Qe7 18. Bf2 Qf8 19. Ng3 h5 20. Rab1 b5 21. axb6 Rxb6 22.
Qd2 Bh6 23. Bc2 Qg7 24. Kh1 h4 25. Nge2 g5 26. fxg5 Bxg5 27. Qd3 Nf8 28. Qf3 Ng6
29. Bg1 Ne5 30. Qf2 Nh5 31. Bh2 Rbb8 32. Ne4 Be7 33. Nxc5 Bc8 34. Nd3 Bg5 35.
Nd4 Qf6 1-0

[Event "Indonesia Open 2013"]
[Site "Jakarta INA"]
[Date "2013.10.16"]
[Round "9.21"]
[White "Gomez, John Paul"]
[Black "Pradeep, Kumar R.A."]
[Result "1-0"]
[WhiteTitle "GM"]
[WhiteElo "2511"]
[BlackElo "2331"]
[WhiteFideId "5201381"]
[BlackFideId "5023181"]
[EventDate "2013.10.10"]

1. c4 Nf6 2. Nc3 g6 3. g3 c6 4. e4 d5 5. e5 d4 6. exf6 dxc3 7. bxc3 exf6 8. d4
Qe7+ 9. Be2 Bf5 10. a4 Nd7 11. Kf1 h5 12. h4 O-O-O 13. a5 Qe4 14. f3 Qc2 15.
Qxc2 Bxc2 16. c5 a6 17. Bc4 Rh7 18. Rh2 Bf5 19. Bf4 Be6 20. Ba2 Bh6 21. Bxh6
Rxh6 22. Rb2 Nf8 23. Rab1 Rd7 24. Bxe6 fxe6 25. Nh3 e5 26. dxe5 fxe5 27. Ng5 Re7
28. Rb6 Rc7 29. R6b2 Re7 30. Ke2 Kb8 31. Kd3 Rh8 32. Kc4 Rg8 33. Rd2 Nh7 34. Ne4
g5 35. Rd6 Kc8 36. Rbd1 Kb8 37. Rd7 Rxd7 38. Rxd7 gxh4 39. gxh4 Nf8 40. Rd8+ Kc7
41. Re8 Rh8 42. Re7+ Nd7 43. Nf6 Rd8 44. Kd3 Kc8 45. Rxd7 Rxd7+ 46. Nxd7 Kxd7
47. Ke4 Ke6 48. c4 Kf6 49. f4 exf4 50. Kxf4 Ke6 51. Kg5 Ke5 52. Kxh5 Kf5 53. Kh6
Kf6 54. h5 Kf7 55. Kg5 1-0

[Event "Indonesia Open 2013"]
[Site "Jakarta INA"]
[Date "2013.10.16"]
[Round "9.22"]
[White "Margana, Adhy"]
[Black "Gundavaa, Bayarsaikhan"]
[Result "0-1"]
[BlackTitle "GM"]
[WhiteElo "2203"]
[BlackElo "2500"]
[WhiteFideId "7101376"]
[BlackFideId "4901045"]
[EventDate "2013.10.10"]

1. d4 Nf6 2. c4 e6 3. g3 d5 4. Nf3 Bb4+ 5. Bd2 Be7 6. Bg2 c6 7. Qc2 O-O 8. O-O
b6 9. cxd5 exd5 10. Bf4 Bb7 11. Rd1 Bd6 12. Bxd6 Qxd6 13. Nc3 Nbd7 14. Rac1 Rfe8
15. e3 Rac8 16. Bh3 c5 17. Qa4 a6 18. a3 c4 19. Bg2 b5 20. Qa5 Qb6 21. Qxb6 Nxb6
22. Ne5 Ne4 23. h4 f6 24. Nf3 Bc6 25. Nd2 Nxc3 26. bxc3 Na4 27. Rc2 Kf7 28. Rdc1
Ke7 29. Ra2 Kd6 30. Bf3 Bd7 31. Bd1 Rb8 32. Kf1 Bf5 33. Bf3 Re7 34. Ke1 g5 35.
Nf1 Rg8 36. hxg5 fxg5 37. g4 Bd7 38. Bd1 Rf8 39. f3 Rf6 40. Rh2 Be8 41. Bxa4
bxa4 42. Rb1 Rxf3 43. Rb6+ Kc7 44. Rxa6 Ref7 45. Ra7+ Kd8 46. Rxf7 Rxf7 47. Rb2
Bd7 48. Nh2 Rf6 49. Rb8+ Kc7 50. Rb4 Rh6 51. Nf3 Rh1+ 52. Kd2 h5 53. gxh5 g4 54.
Ne1 g3 55. Rb2 Bf5 56. Ng2 Be4 0-1

[Event "Indonesia Open 2013"]
[Site "Jakarta INA"]
[Date "2013.10.16"]
[Round "9.23"]
[White "Khamrakulov, Djurabek"]
[Black "Teh, Eu Wen Aron"]
[Result "1-0"]
[WhiteTitle "IM"]
[WhiteElo "2442"]
[BlackElo "2254"]
[WhiteFideId "14201143"]
[BlackFideId "5704723"]
[EventDate "2013.10.10"]

1. e4 e5 2. Nf3 Nc6 3. d4 exd4 4. Nxd4 Bc5 5. Be3 Qf6 6. c3 Nge7 7. g3 d5 8. Bg2
Nxd4 9. cxd4 Bb4+ 10. Nc3 Bxc3+ 11. bxc3 dxe4 12. Bxe4 c6 13. O-O O-O 14. Re1
Bf5 15. Bg2 b5 16. a4 a6 17. h4 Nd5 18. Rc1 Rae8 19. Bg5 Rxe1+ 20. Qxe1 Qe6 21.
Qf1 f6 22. Bd2 Nb6 23. axb5 axb5 24. Ra1 Nc4 25. Bf4 Re8 26. Kh2 Qd7 27. Qh1 Re6
28. d5 cxd5 29. Bxd5 Nb6 30. Bxe6+ Bxe6 31. Ra6 Bd5 32. Qd1 Bc4 33. Ra8+ 1-0

[Event "Indonesia Open 2013"]
[Site "Jakarta INA"]
[Date "2013.10.16"]
[Round "9.24"]
[White "Zozulia, Anna"]
[Black "Khusnutdinov, Rustam"]
[Result "1/2-1/2"]
[WhiteTitle "IM"]
[BlackTitle "GM"]
[WhiteElo "2330"]
[BlackElo "2509"]
[WhiteFideId "14102110"]
[BlackFideId "13701703"]
[EventDate "2013.10.10"]

1. e4 e6 2. d4 d5 3. exd5 exd5 4. Nf3 Nc6 5. Bb5 Ne7 6. Qe2 Bg4 7. h3 Bxf3 8.
Qxf3 a6 9. Bxc6+ Nxc6 10. c3 Qd7 11. O-O Bd6 12. Bf4 Bxf4 13. Qxf4 O-O 14. Nd2
Rae8 15. Rfe1 Nd8 16. Nf3 f6 17. Rxe8 Rxe8 18. Re1 Rxe1+ 19. Nxe1 Ne6 20. Qf5 c6
21. Nd3 Qe8 22. h4 a5 23. g3 Nf8 24. Kf1 Kf7 25. Ne5+ Kg8 26. Nd3 Kf7 27. Ne5+
Kg8 1/2-1/2

[Event "Indonesia Open 2013"]
[Site "Jakarta INA"]
[Date "2013.10.16"]
[Round "9.25"]
[White "Saduakassova, Dinara"]
[Black "Nolte, Rolando"]
[Result "1/2-1/2"]
[WhiteTitle "WGM"]
[BlackTitle "IM"]
[WhiteElo "2335"]
[BlackElo "2447"]
[WhiteFideId "13700090"]
[BlackFideId "5200636"]
[EventDate "2013.10.10"]

1. d4 Nf6 2. c4 e6 3. Nc3 Bb4 4. Qc2 O-O 5. e4 d5 6. e5 Ne4 7. Bd3 c5 8. Nf3
cxd4 9. Nxd4 dxc4 10. Bxe4 Qxd4 11. Bf4 Nd7 12. Rd1 Qc5 13. O-O g6 14. Rfe1 Qe7
15. Bf3 Nc5 16. Qd2 Re8 17. Bg5 Qf8 18. Bh6 Qe7 19. Bg5 Qf8 20. Qd4 h6 21. Be3
Nd3 22. Ne4 Be7 23. Rf1 Rd8 24. Qc3 Rd5 25. Nf6+ Bxf6 26. exf6 b5 27. Bxd5 exd5
28. Rxd3 cxd3 29. Qxd3 a6 30. Qxd5 Be6 31. Qc6 Kh7 32. a3 Qd8 33. Qe4 Qd5 34.
Qxd5 Bxd5 35. Rd1 Be6 36. h4 Rc8 37. Rd6 a5 38. Rb6 Bc4 39. b3 Bxb3 40. Rxb5 a4
41. h5 Rc6 1/2-1/2

[Event "Indonesia Open 2013"]
[Site "Jakarta INA"]
[Date "2013.10.16"]
[Round "9.26"]
[White "Novita, Anjas"]
[Black "Juswanto, Denny"]
[Result "1-0"]
[WhiteTitle "FM"]
[BlackTitle "IM"]
[WhiteElo "2328"]
[BlackElo "2417"]
[WhiteFideId "7100949"]
[BlackFideId "7100221"]
[EventDate "2013.10.10"]

1. e4 c5 2. Nf3 e6 3. d4 cxd4 4. Nxd4 a6 5. Nc3 Qc7 6. Bd3 Nc6 7. Be3 Nxd4 8.
Bxd4 Ne7 9. Qg4 Ng6 10. O-O h5 11. Qe2 Bc5 12. Qe3 Bxd4 13. Qxd4 O-O 14. f4 b5
15. Qe3 Bb7 16. f5 Ne5 17. h3 f6 18. Ne2 exf5 19. Rxf5 g6 20. Rf2 Kg7 21. Raf1
Rae8 22. Nf4 h4 23. g3 Nc4 24. Qf3 f5 25. gxh4 fxe4 26. Qg3 Qb6 27. Bxc4 bxc4
28. Kh2 Kh7 29. h5 g5 30. Qxg5 e3 31. Re2 Qh6 32. h4 Qxg5 33. hxg5 Rf5 34. g6+
Kh6 35. c3 Re4 36. Kg3 Rg5+ 37. Kh3 d6 38. Kh2 Bc8 39. Ng2 Rxh5+ 40. Kg1 Rg5 41.
Rfe1 Bh3 42. Kh2 Rh5 43. Rxe3 Bxg2+ 44. Kxg2 Rxe3 45. Rxe3 Rb5 46. Re2 Kxg6 47.
Rd2 Kf5 48. Kf3 Ke5 49. Rh2 d5 50. Ke3 Rb8 51. Rh5+ Ke6 52. Rh2 Ke5 53. a4 a5
54. Rh5+ Ke6 55. Kd4 Rxb2 56. Re5+ Kd6 57. Rxd5+ Kc6 58. Rxa5 Kb6 59. Rh5 Ra2
60. a5+ Ka6 61. Kxc4 Rb2 62. Rc5 Rb1 63. Kd5 Rd1+ 64. Kc6 Rh1 65. Kd5 Rh5+ 66.
Kc4 Rh4+ 67. Kb3 Rg4 68. c4 Rg1 69. Rb5 Rb1+ 70. Ka4 Ra1+ 71. Kb4 Rb1+ 72. Kc5
Rh1 73. Kd4 Rh4+ 74. Kc3 Rh1 75. Kb4 Rb1+ 76. Kc5 Rh1 77. Rb6+ Kxa5 78. Rd6 Rh5+
79. Kd4 Rh4+ 80. Kc5 Rh5+ 81. Kd4 Rh4+ 82. Kc5 Rh5+ 83. Rd5 Rh6 84. Rd4 Rh5+ 85.
Kc6 Rh8 86. Rd5+ Kb4 87. c5 Kc4 88. Rg5 Rh6+ 89. Kb7 Rh7+ 90. Kb6 Rh1 91. c6
Rb1+ 92. Ka7 Ra1+ 93. Kb7 Rb1+ 94. Kc8 Rh1 95. c7 1-0

[Event "Indonesia Open 2013"]
[Site "Jakarta INA"]
[Date "2013.10.16"]
[Round "9.27"]
[White "Cherniaev, Alexander"]
[Black "Muhammad, Luthfi Ali"]
[Result "1/2-1/2"]
[WhiteTitle "GM"]
[BlackTitle "CM"]
[WhiteElo "2415"]
[BlackElo "2338"]
[WhiteFideId "4117301"]
[BlackFideId "7103743"]
[EventDate "2013.10.10"]

1. Nf3 g6 2. d4 Nf6 3. c4 Bg7 4. g3 O-O 5. Bg2 c6 6. Nbd2 d5 7. b3 c5 8. Bb2
cxd4 9. Nxd4 Re8 10. O-O e5 11. Nc2 Nc6 12. cxd5 Nxd5 13. Ne4 f5 14. Nc5 e4 15.
Bxg7 Kxg7 16. Qd2 Ndb4 17. Qc1 Nxc2 18. Qxc2 Nd4 19. Qc4 b5 20. Qc3 Qf6 21. Kh1
Nxe2 22. Qe3 Qd4 23. Qxe2 Qxc5 24. Rac1 Qb6 25. Rfd1 Re7 26. Rd5 a6 27. Qd2 Be6
28. Rd6 Qb7 29. Rcc6 Bf7 30. h4 Rae8 31. h5 gxh5 32. Qg5+ Bg6 33. Kg1 Kh8 34.
Qh6 Kg8 35. Rxa6 Rg7 36. Qf4 Qc7 37. Rac6 Qe7 38. Bf1 h4 39. Re6 Qd7 40. Red6
Qe7 41. Re6 Qd7 42. Rcd6 Qc7 43. Qxh4 Rxe6 44. Rxe6 f4 45. Bxb5 fxg3 46. Bc4
gxf2+ 47. Kf1 Kf8 48. Rf6+ Bf7 49. Rxf2 Qe7 50. Qh6 Kg8 51. Qc6 h5 52. Ke2 Bxc4+
53. Qxc4+ Kh7 54. Qd5 Kh6 55. Qa8 Kh7 56. Qd5 Kh6 57. Qf5 Rg6 58. Qc8 Kg7 59.
Qc3+ Kh7 60. Qa5 Kh6 61. Qa8 Kg7 62. Qd5 h4 63. Qd4+ Kh7 64. Rf4 Rg2+ 65. Kf1
Rxa2 66. Rxe4 Qf7+ 67. Rf4 Ra1+ 68. Kf2 Ra2+ 69. Kf1 Ra1+ 70. Kf2 Ra2+ 1/2-1/2

[Event "Indonesia Open 2013"]
[Site "Jakarta INA"]
[Date "2013.10.16"]
[Round "9.28"]
[White "Bitoon, Richard"]
[Black "Le, Tuan Minh"]
[Result "0-1"]
[WhiteTitle "GM"]
[BlackTitle "FM"]
[WhiteElo "2407"]
[BlackElo "2327"]
[WhiteFideId "5201110"]
[BlackFideId "12401153"]
[EventDate "2013.10.10"]

1. c4 e5 2. Nc3 Nc6 3. Nf3 g6 4. d4 exd4 5. Nxd4 Bg7 6. Nxc6 bxc6 7. g3 Nf6 8.
Bg2 O-O 9. O-O Qe7 10. Qa4 Bb7 11. Bf4 Rfc8 12. Rfd1 a5 13. Qc2 d6 14. Nb5 Nh5
15. Be3 Rcb8 16. Nc3 c5 17. Bxb7 Rxb7 18. Rab1 Qe8 19. b3 Nf6 20. Na4 Qe6 21.
Kg2 Re8 22. Re1 h5 23. Bd2 Ne4 24. f3 Nxd2 25. Qxd2 Qe3 26. Rbd1 Rbb8 27. Qxe3
Rxe3 28. Rd3 Rbe8 29. Rxe3 Rxe3 30. Kf1 g5 31. Rd1 g4 32. fxg4 hxg4 33. Rd2 Bd4
34. Kg2 Kg7 35. Rc2 Kf6 36. Nb2 Bxb2 37. Rxb2 a4 38. Kf2 Rc3 39. Ke1 a3 40. Rd2
Rc1+ 41. Kf2 Rb1 42. Ke3 Ke5 43. Kd3 f5 44. e3 Rc1 45. Re2 Rd1+ 46. Kc2 Rf1 47.
Kd3 c6 48. Rc2 Rf3 49. Rd2 d5 50. cxd5 cxd5 51. Rc2 Kd6 52. Ke2 d4 53. exd4 cxd4
54. Rc8 d3+ 55. Kd2 Rf2+ 56. Kxd3 Rxh2 57. Rc2 Rh3 58. Rg2 Kd5 59. Ke3 Ke5 60.
Kf2 f4 61. gxf4+ Kxf4 62. Kg1 g3 63. Rc2 Rh8 64. Rc4+ Kf3 65. Rc3+ Kg4 66. b4
Rd8 67. Rc7 Rd1+ 68. Kg2 Rd2+ 69. Kg1 Rxa2 70. Ra7 Kf3 71. Rf7+ Ke4 72. Ra7 Kd5
73. Ra8 Kc4 74. b5 Kxb5 75. Rb8+ Kc4 76. Rc8+ Kb3 77. Rb8+ Kc2 78. Rc8+ Kb1 79.
Ra8 Ra1 80. Kg2 Ka2 81. Kxg3 Rc1 82. Kf3 Rc3+ 83. Ke2 Kb2 84. Kd2 Rb3 85. Rc8 a2
86. Rc2+ Ka3 0-1

[Event "Indonesia Open 2013"]
[Site "Jakarta INA"]
[Date "2013.10.16"]
[Round "9.29"]
[White "Sonjaya, Deni"]
[Black "Milliet, Sophie"]
[Result "1-0"]
[WhiteTitle "FM"]
[BlackTitle "IM"]
[WhiteElo "2265"]
[BlackElo "2399"]
[WhiteFideId "7101465"]
[BlackFideId "623725"]
[EventDate "2013.10.10"]

1. e4 c5 2. Nf3 e6 3. Nc3 Nc6 4. Bb5 Nge7 5. O-O a6 6. Be2 d5 7. exd5 Nxd5 8. d4
cxd4 9. Nxd4 Nxc3 10. bxc3 Qc7 11. Nxc6 Qxc6 12. Qd4 Qc5 13. Bf4 Bd7 14. Bf3 Bc6
15. Rfd1 Qxd4 16. Bxc6+ bxc6 17. cxd4 O-O-O 18. Rab1 Bd6 19. Be3 Kc7 20. c4 c5
21. dxc5 Be5 22. f4 Rxd1+ 23. Rxd1 Bc3 24. Rd6 a5 25. Kf2 Rb8 26. Rb6 a4 27. Kf3
a3 28. Ra6 Bb2 29. Ke4 Kb7 30. Rb6+ Kc7 31. g4 Rd8 32. f5 e5 33. Ra6 Rd1 34. c6
Re1 35. Kf3 Ra1 36. Bd2 Kd6 37. Bb4+ 1-0